Polynesian culture history; (Record no. 77613)
[ view plain ]
| 000 -LEADER | |
|---|---|
| fixed length control field | 00927cam8a220026500 4500 |
| 001 - CONTROL NUMBER | |
| control field | lce00611865 |
| 005 - DATE AND TIME OF LATEST TRANSACTION | |
| control field | 20190815135012.0 |
| 008 - FIXED-LENGTH DATA ELEMENTS--GENERAL INFORMATION | |
| fixed length control field | 731207s1967 hiuac b 010 0 eng |
| 010 ## - LIBRARY OF CONGRESS CONTROL NUMBER | |
| LC control number | 67029172 //r912 |
| 035 ## - SYSTEM CONTROL NUMBER | |
| System control number | (Sirsi) r90320 |
| 035 ## - SYSTEM CONTROL NUMBER | |
| System control number | (DLC) 67029172 //r912 |
| 035 ## - SYSTEM CONTROL NUMBER | |
| System control number | (UPRA)lce00611865 |
| 040 ## - CATALOGING SOURCE | |
| Original cataloging agency | DLC |
| Transcribing agency | DLC |
| Modifying agency | DLC |
| 050 00 - LIBRARY OF CONGRESS CALL NUMBER | |
| Classification number | DU510 |
| Item number | .P67 |
| 082 00 - DEWEY DECIMAL CLASSIFICATION NUMBER | |
| Classification number | 919.6/03 |
| 245 00 - TITLE STATEMENT | |
| Title | Polynesian culture history; |
| Remainder of title | essays in honor of Kenneth P. Emory. |
| Statement of responsibility, etc. | Edited by Genevieve A. Highland [and others] |
| 260 ## - PUBLICATION, DISTRIBUTION, ETC. | |
| Place of publication, distribution, etc. | Honolulu, |
| Name of publisher, distributor, etc. | Bishop Museum Press |
| Date of publication, distribution, etc. | [1967] |
| 440 #0 - SERIES STATEMENT/ADDED ENTRY--TITLE | |
| Title | Bernice P. Bishop Museum special publication ; |
| Volume/sequential designation | 56 |
| Linkage | S8207.1 |
| 504 ## - BIBLIOGRAPHY, ETC. NOTE | |
| Bibliography, etc. note | Includes bibliographies. |
| 651 #0 - SUBJECT ADDED ENTRY--GEOGRAPHIC NAME | |
| Geographic name | Polynesia. |
| Linkage | S38621.1 |
| 700 1# - ADDED ENTRY--PERSONAL NAME | |
| Personal name | Emory, Kenneth Pike, 1897- |
| Dates associated with a name | Emory, Kenneth Pike, 1897- |
| Linkage | A49775.1 |
| 700 1# - ADDED ENTRY--PERSONAL NAME | |
| Personal name | Highland, Genevieve A. |
| Linkage | A49776.1 |
| 949 ## - LOCAL PROCESSING INFORMATION (OCLC) | |
| a | DU510 |
| w | lcc |
| i | -126976 |
| m | MAIN |
| t | BOOK |
| l | ON-SHELF |
No items available.